000 00328nam a22001337a 4500
008 170605b xxu||||| |||| 00| 0 eng d
020 _a9781846030208
041 _aeng
080 _a94
100 _a18
101 _aSHH
245 _aROLLING THUNDER IN A GENTLE LAND THE VIETNAM WAR
_cWEST.A
942 _2udc
_cBK
999 _c15942
_d15942